004950000a2200145000450024501060000065000280010665000240013465000180015865300450017604100130022170000220023470000230025610000240027977300460030310aErythropoiesis and Granulopoiese in the west Indian manatee, Trichechus manatus ()14aMamíferos acuáticos14aFisiología animal14aHematología gTrichechuseTrichechus manatusvmanatí0 aInglés1 aReynolds, John E.1 aEssman, Richard A.1 aBazzini, María D.1 tActa Anatómica3219h126q150-152d1986